Dom Bosque (Registo nº 2043)

Detalhes MARC
000 -Etiqueta do registo
Cabeçalho 00937nam a22003131 4500
005 - Identificador da versão
Campo de controlo 20240813121923.0
095 ## -
-- PTBN00797859
010 ## - Número internacional normalizado dos livros (ISBN)
Número (ISBN) 9727503519
021 ## - Número do Depósito Legal
Código do país PT
Número 90918/95
100 ## - Dados gerais de processamento
Dados gerais de processamento 19960230d1995 cd y0pory5003 ba
102 ## - Pais de publicação ou produção
País de publicação Portugal
101 1# - Língua de publicação
Língua do texto, banda sonora, etc. Português
Língua do documento no original Espanhol
106 ## - Campo de dados codificados: material textual
Dados codificados do material textual r
105 ## - Campo de dados codificados: livros
Dados codificados dos livros a z 000fy
215 ## - Descrição física 
Indicação específica da natureza do documento e extensão da espécie 31, [1] p.
Outras indicações físicas todo il.
Dimensões 20 cm
200 1# - Titulo e menção de responsabilidade
Título próprio Dom Bosque
Primeira menção de responsabilidade María Dolores Pérez-Lucas
Outras menções de responsabilidade trad. e adapt. Ana Maria Guedes, Rui Guedes
225 2# - Colecção 
Título próprio da colecção Contos ecológicos
Indicação de volume 3
210 ## - Publicação, Distribuição, etc. 
Lugar da edição, distribuição, etc. Rio de Mouro
Nome do editor, distribuidor, etc. Everest
Data da publicação, distribuição, etc. D.L. 1995
606 ## - Nome comum usado como assunto
Número de registo de entrada de autoridade 0000001
Palavra de ordem Literatura estrangeira infantil
Subdivisão de assunto Conto
675 ## - Classificação Decimal Universal (CDU)
Notação 82-34
Edição
Língua da edição por
702 #1 - Nome de autor-pessoa física (responsabilidade secundária)
Número de registo de entrada de autoridade 0000768
Palavra de ordem Guedes
Outra parte do nome não tomada para palavra de ordem Ana Maria
Datas 1954-
Código de função Tradutor
Número de registo de entrada de autoridade 0000769
Palavra de ordem Guedes
Outra parte do nome não tomada para palavra de ordem Rui
Datas 1946-2001
Código de função Tradutor
700 #1 - Nome de autor-pessoa física (responsabilidade principal)
Número de registo de entrada de autoridade 0000767
Palavra de ordem Pérez-Lucas
Outra parte do nome não tomada para palavra de ordem María Dolores
942 ## - Elementos de entrada adicionados (Koha)
Tipo de item no Koha Livro
Exemplares
Situação do levantamento Origin of item (home branch) (coded) Biblioteca de empréstimo Código de barras Cota Circulation type (not for loan) Tipo de documento Nota do exemplar Damaged status
  Biblioteca Escolar da Coca Maravilhas Biblioteca Escolar da Coca Maravilhas BECM3018/96 8EST PÉR   Livro Sem mensagem